|
|
|
|
| LEADER |
00920nam a2200253 a 4500 |
| 001 |
00026870 |
| 008 |
130423r20092007ii a b 000 0 eng d |
| 020 |
|
|
|a 8131503879
|
| 040 |
|
|
|a BD-DhAAL
|c BD-DhAAL
|
| 082 |
0 |
0 |
|a 333.7
|2 22
|
| 100 |
1 |
|
|a Thomas, Janet M.
|
| 245 |
1 |
0 |
|a Environmental economics /
|c Janet M Thomas, Scott Callan
|
| 250 |
|
|
|a India ed.
|
| 260 |
|
|
|a New Dehli :
|b Cengage Learning,
|c 2009.[Reprinted]
|
| 300 |
|
|
|a 480 p. :
|b ill. ;
|c 25 cm.
|
| 504 |
|
|
|a Includes bibliographical references and index
|
| 541 |
|
|
|e 00026870
|
| 650 |
|
0 |
|a Economics.
|
| 650 |
|
0 |
|a Environmental economics
|x Case studies
|
| 650 |
|
0 |
|a Environmental economics
|
| 700 |
1 |
|
|a Callan,Scott.
|
| 852 |
1 |
|
|a Ayesha Abed Library
|c General shelf.
|
| 999 |
|
|
|c 13336
|d 13336
|
| 952 |
|
|
|0 0
|1 0
|2 ddc
|4 0
|6 333_700000000000000_THO
|7 0
|9 22241
|a IGS
|b IGS
|c GEN
|d 2012-04-27
|e Mullick & Brothers
|g 900.00
|l 0
|o 333.7 THO
|p 3010026870
|r 2013-04-28
|t 1
|w 2012-04-27
|y BK
|